000
00208nam a2200097Ia 4500
008
240331s9999 xx 000 0 und d
082
_b
PON
100
_a
Ponnudurai, A.T
245
0
_a
Kolankal ainthu
942
_c
L
999
_c
3682
_d
3682